|
|
|
|
| LEADER |
00857cam a2200229 7i4500 |
| 001 |
0000098942 |
| 005 |
20140713090000.0 |
| 008 |
121106s2012 enk eng |
| 020 |
# |
0 |
|a 9780415601818
|
| 090 |
0 |
0 |
|a GE 180
|b .H3 2012
|
| 100 |
1 |
# |
|a Haq, Gary
|
| 245 |
1 |
0 |
|a Environmentalism since 1945
|c Gary Haq and Alistair Paul.
|
| 260 |
# |
# |
|a New York:
|b Routledge,
|c 2012.
|
| 300 |
# |
# |
|a xvi, 124 p.;
|c 22 cm..
|
| 490 |
1 |
0 |
|a The making of the contemporary world
|
| 504 |
0 |
0 |
|a Includes bibliographical references and index
|
| 590 |
# |
# |
|a Pusat Pengajian Pembangunan Sosial dan Ekonomi
|
| 650 |
0 |
0 |
|a Environmentalism --
|x History --
|z United States
|
| 650 |
0 |
0 |
|a Green movement --
|x History --
|z United States
|
| 650 |
0 |
0 |
|a Environmental policy --
|x History --
|z United States
|
| 700 |
1 |
1 |
|a Paul, Alistair
|
| 999 |
|
|
|a 1100087423
|b Book
|c Open Shelf
|e KOLEKSI TERBUKA
|